| 000 | 00335nam a2200145Ia 4500 | ||
|---|---|---|---|
| 008 | 230312s9999||||xx |||||||||||||| ||und|| | ||
| 020 | _a93-325-4983-8 | ||
| 082 |
_a512.9 _bART-A |
||
| 100 | _aArtin;Michael | ||
| 245 | 0 | _aAlgebra | |
| 260 |
_bPearson _aindia _c2016 |
||
| 300 | _a482 | ||
| 650 |
_aEngineering _vAvionics |
||
| 942 | _cBK | ||
| 999 |
_c12319 _d12319 |
||